000 01799naa a2200265 i 4500
001 BPP
003 BPK
005 20190610114327.0
008 140714s1994 pl f |100 0 pol
040 _cBPK
041 _apol
_beng
080 _a621.791/.795
100 _aKARPIŃSKI, Tadeusz.
_d1970 - 1996.
_bWyższa Szkoła Inżynierska w Koszalinie - Wydział Mechaniczny,
_cZakład Technologii Maszyn
245 _aMetoda oceny mikrogeometrii powierzchni przedmiotów będących w ruchu =
_bMethod of evaluation of moving rough surfaces /
_cTadeusz Karpiński, Tadeusz Kochaniewicz, Czesław Łukianowicz.
260 _c1994.
500 _aDane z autopsji.
520 _aOpisano optyczną metodę mikrogeometrii powierzchni przedmiotów będących w ruchu. Metoda polega na pomiarze kątowego rozkładu natężenia światła rozproszonego przez powierzchnię. Opisano stanowisko badawcze służące do realizacji tej metody. Przedstawiono wyniki badań uzyskane za pomocą zbudowanego stanowiska dla obracających się powierzchni walcowych, wykonanych ze stali.
655 0 _aMateriały konferencyjne.
650 0 _aInżynieria powierzchni
773 _iW :
_tMetrologia w procesach wytwarzania : V Krajowa Konferencja Naukowo-Techniczna : Forum Prac Badawczych : referaty. -
_dKraków : Instytut Obróbki Skrawaniem, 1994. -
_gs. 137-142
700 _aKOCHANIEWICZ, Tadeusz.
_d1986 - 1996.
_bWyższa Szkoła Inżynierska w Koszalinie - Wydział Mechaniczny,
_cZakład Technologii Maszyn
700 _aŁUKIANOWICZ, Czesław.
_d1973 - 1996.
_bWyższa Szkoła Inżynierska w Koszalinie - Wydział Mechaniczny,
_cZakład Technologii Maszyn
711 _aForum Prac Badawczych nt. Metrologia w procesach wytwarzania
_n(5 ;
_d1994 ;
_cKraków, Polska).
942 _cART
_2UKD
999 _c6810
_d6810